Statistics for Top 25 U.S. States with the hottest days ever recorded

Click here to take the quiz!

General Stats

  • This quiz has been taken 30 times
  • The average score is 22 of 25

Answer Stats

Answer#Degree% Correct
California1134
100%
Louisiana25114
100%
Arizona2128
96%
Colorado23115
96%
Nevada3125
96%
New Mexico4122
96%
Texas8120
96%
Utah17117
93%
Wyoming22115
93%
Idaho13118
89%
Iowa15118
89%
Kansas5121
89%
Mississippi24115
89%
Missouri16118
89%
Nebraska14118
89%
Oregon12119
89%
Washington7120
89%
Arkansas9120
86%
Illinois19117
86%
North Dakota6121
86%
South Dakota11120
86%
Montana18117
82%
Oklahoma
10120
79%
Indiana20116
75%
Minnesota21115
75%

Score Distribution

Percentile by Number Answered

Percent of People with Each Score

Your Score History

You have not taken this quiz